| 000 | 00677nam a22001937a 4500 | ||
|---|---|---|---|
| 999 |
_c61748 _d61748 |
||
| 005 | 20240426162529.0 | ||
| 008 | 240426s2008 enk||||| |||| 00| 0 eng d | ||
| 020 | _a9780071287418x | ||
| 041 | _aeng | ||
| 080 | _a616.21 C-95 | ||
| 245 |
_aCurrent Diagnosis And Treatment In Otolaryngology : _cEdited Anil K. Lalwani. _bHead & Neck Surgery / |
||
| 250 | _a2nd edition | ||
| 264 |
_aNew York : _bMcGraw-Hill, _c2008. |
||
| 300 |
_a1002 p.: _bill.; _c24 cm. |
||
| 653 | _aოტოლარინგოლოგია | ||
| 653 | _a თავისა და კისრის ქირურგია | ||
| 653 | _aმედიცინა | ||
| 942 |
_2udc _cᲬᲘᲒᲜᲘ |
||